Online
Catalog

Observatorio del cáncer : (Record no. 59566)

MARC details
000 -CABECERA
campo de control de longitud fija 01500nas a2200277 i 4500
003 - IDENTIFICADOR DEL NÚMERO DE CONTROL
campo de control DO-SdBNP
005 - FECHA Y HORA DE LA ÚLTIMA TRANSACCIÓN
campo de control 20250716160710.0
007 - CAMPO FIJO DE DESCRIPCIÓN FÍSICA--INFORMACIÓN GENERAL
campo de control de longitud fija ta
008 - DATOS DE LONGITUD FIJA--INFORMACIÓN GENERAL
campo de control de longitud fija 250716e2025 dr qn|p|r||||||0| |0spa d
040 ## - FUENTE DE LA CATALOGACIÓN
Centro catalogador/agencia de origen DO-SdBNP
Lengua de catalogación spa
Centro/agencia transcriptor BNPHU
Normas de descripción rda
041 ## - CÓDIGO DE LENGUA
Código de lengua del texto/banda sonora o título independiente spa
110 ## - ENTRADA PRINCIPAL--NOMBRE DE ENTIDAD CORPORATIVA
Nombre de entidad corporativa o nombre de jurisdicción como elemento de entrada República Dominicana. Superintendencia de Salud y Riesgos Laborales
9 (RLIN) 88376
245 ## - MENCIÓN DE TÍTULO
Título Observatorio del cáncer :
Resto del título analizamos el impacto de la enfermedad en el SFS /
Mención de responsabilidad, etc. Superintendencia de Salud y Riesgos Laborales.
246 ## - FORMA VARIANTE DE TÍTULO
Título propio/Titulo breve SISALRIL
264 ## - PRODUCCIÓN, PUBLICACIÓN, DISTRIBUCIÓN, FABRICACIÓN Y COPYRIGHT
Producción, publicación, distribución, fabricación y copyright Santo Domingo, República Dominicana :
Nombre del de productor, editor, distribuidor, fabricante Superintendencia de Salud y Riesgos Laborales,
Fecha de producción, publicación, distribución, fabricación o copyright 2025.
300 ## - DESCRIPCIÓN FÍSICA
Extensión volumen :
Otras características físicas ilustraciones, fotografías ;
Dimensiones 28 cm.
310 ## - PERIODICIDAD ACTUAL
Periodicidad actual Edición 1. Año 2025, (enero-marzo).
336 ## - TIPO DE CONTENIDO
Término de tipo de contenido texto
Código de tipo de contenido txt
Fuente rdacontent
337 ## - TIPO DE MEDIO
Nombre/término del tipo de medio sin mediación
Código del tipo de medio n
Fuente rdamedia
338 ## - TIPO DE SOPORTE
Nombre/término del tipo de soporte volumen
Código del tipo de soporte nc
Fuente rdacarrier
362 ## - FECHAS DE PUBLICACIÓN Y/O DESIGNACIÓN SECUENCIAL
Fecha de publicación y/o designación secuencial 2025.
520 ## - SUMARIO, ETC.
Sumario, etc. Hoy tenemos la satisfacción de presentarles el primer número de SISALRIL AL DÍA, una revista informativa que nace con la intención de mantener a los lectores al tanto de los avances relevantes de la Superintendencia de Salud y Riesgos Laborales (SISALRIL), informaciones inéditas e innovaciones que permiten una gestión más eficiente y transparente, para contribuir a mejorar la protección en salud y el bienestar de los ciudadanos.
650 #0 - PUNTO DE ACCESO ADICIONAL DE MATERIA--TÉRMINO DE MATERIA
Término de materia o nombre geográfico como elemento de entrada Salud
9 (RLIN) 1687
Subdivisión de forma Publicación periódica
650 #0 - PUNTO DE ACCESO ADICIONAL DE MATERIA--TÉRMINO DE MATERIA
Término de materia o nombre geográfico como elemento de entrada Administración de servicios de salud
9 (RLIN) 13988
Subdivisión de forma Publicación periódica
942 ## - ELEMENTOS DE PUNTO DE ACCESO ADICIONAL (KOHA)
Fuente del sistema de clasificación o colocación Dewey Decimal Classification
Tipo de ítem Koha Publicación periódica
Holdings
Estado de retiro Estado de pérdida Fuente del sistema de clasificación o colocación Estado dañado Restricciones de uso No para préstamo Código de colección Localización permanente Ubicación/localización actual Fecha de adquisición Enumeración/cronología de publicación seriada Total de préstamos Código de barras Fecha visto por última vez Número de copia Precio válido a partir de Tipo de ítem Koha Nota pública
    Dewey Decimal Classification   Préstamo en sala   Hemeroteca Biblioteca Nacional Pedro Henríquez Ureña Biblioteca Nacional Pedro Henríquez Ureña 16.07.2025 Edición 1. Año 2025, (enero-marzo)   2025-6645 16.07.2025 e.1 16.07.2025 Publicación periódica Revista de la Superintendencia de Salud y Riesgos Laborales.
    Dewey Decimal Classification   Préstamo en sala   Hemeroteca Biblioteca Nacional Pedro Henríquez Ureña Biblioteca Nacional Pedro Henríquez Ureña 16.07.2025 Edición 1. Año 2025, (enero-marzo)   2025-6646 16.07.2025 e.2 16.07.2025 Publicación periódica Revista de la Superintendencia de Salud y Riesgos Laborales.
    Dewey Decimal Classification   Préstamo en sala   Hemeroteca Biblioteca Nacional Pedro Henríquez Ureña Biblioteca Nacional Pedro Henríquez Ureña 16.07.2025 Edición 1. Año 2025, (enero-marzo)   2025-6647 16.07.2025 e.3 16.07.2025 Publicación periódica Revista de la Superintendencia de Salud y Riesgos Laborales.

Powered by Koha